00000000nam 2200000za 4500
0019.818206
003CaOODSP
00520251010122926
007cr |||||||||||
008160524s2014    oncd||||o    f000 0 fre d
040 |aCaOODSP|bfre
043 |an-cn---
0861 |aYM32-5/2014-18F-PDF
1001 |aKirkby, Cynthia.
24513|aLe Comité mixte permanent d'examen de la réglementation |h[ressource électronique] / |cCynthia Kirkby.
250 |a[Édition de 2 avril 2014].
260 |aOttawa : |bBibliothèque du Parlement, |c2014.
4901 |aEn bref ; |v2014-18-F
500 |a« Le 2 avril 2014. »
500 |aÉgalement disponible en anglais sous le titre : The Standing Joint Committee for the Scrutiny of Regulations.
504 |aComprend des références bibliographiques.
69207|2gccst|aComité
7101 |aCanada. |bService d'information et de recherche parlementaires.
77508|tThe Standing Joint Committee for the Scrutiny of Regulations |w(CaOODSP)9.818203
794 |tLe Comité mixte permanent d'examen de la réglementation / |b[Révisée le 21 février 2022]|w(CaOODSP)9.956185
830#0|aEn bref (Canada. Service d'information et de recherche parlementaires)|v2014-18-F|w(CaOODSP)9.501314
85640|qPDF|s421 Ko|uhttps://publications.gc.ca/collections/collection_2016/bdp-lop/eb/YM32-5-2014-18-fra.pdf